000 03609nam0a2200649 4500
001 RU\NLR\bibl\1464890
005 20260407095713.0
010 _a978-5-9624-0374-8
_9200
021 _aRU
_b2009-95517
_96061
035 _a(nilc)LIBNET\0000005303
035 _a1VIL\RUSMED\0000156519
035 _a(NLR Aleph) 001456629
090 _a1556851
_c1556851
100 _a20091204d2009 |||y0rusy50 ca
101 0 _arus
102 _aRU
105 _ay |||||||||
200 1 _aПсихическое и физическое здоровье человека: медико-социально-психологические и психолого-педагогические аспекты
_eрегиональная научно-практическая конференция, (Иркутск, 17 февраля 2009 г.)
_eматериалы
_f[редкол.: И. А. Конопак, к.филос.н., доц. и др.]
210 _aИркутск
_cИзд-во Иркут. гос. ун-та
_d2009
215 _a557 с.
_cил., табл.
_d21
300 _aВ надзаг.: Федер. агентство по образованию", ГОУ ВПО "Иркут. гос. ун-т" Рос. психол. о-во, Рос. федерация психологов образования
320 _aБиблиогр. в конце отд. ст.
320 _aБиблиогр. в конце кн.
606 1 _aПСИХИЧЕСКОЕ ЗДОРОВЬЕ
_2rus_mesh
_3R8765
606 1 _aMENTAL HEALTH
_2rus_mesh
_3E8765
606 1 _aПСИХИЧЕСКОЕ ЗДОРОВЬЕ
_yИркутская область
_jконгрессы
_2rus_mesh
_3R8765
606 1 _aЗДОРОВЬЯ СОСТОЯНИЕ
_yИркутская область
_jконгрессы
_2rus_mesh
_3R6433
606 1 _aHEALTH STATUS
_2rus_mesh
_3E6433
606 1 _aУчащиеся
_jСъезды, совещания и т.п.
_xЗдоровье
_92296582
_3RU\NLR\auth\661375160
606 1 _aЗдоровье
_jСъезды, совещания и т.п.
_xВлияние производственной среды
_91187814
_3RU\NLR\auth\66478939
606 1 _aВалеология
_jСъезды, совещания и т.п.
_xПсихологический аспект
_92078555
_3RU\NLR\auth\661254417
606 1 _aУчащиеся
_jСъезды, совещания и т.п.
_xВоспитание здорового образа жизни
_92445805
_3RU\NLR\auth\661454645
606 1 _aДети
_jСъезды, совещания и т.п.
_xВоспитание здорового образа жизни
_92615360
_3RU\NLR\auth\661551919
675 _a613.95/.96(082)-
_vudc
686 _a76.33.31
_2rugasnti
686 _a15.31.31
_2rugasnti
686 _a76.01.13
_2rugasnti
686 _aF02.418
_v2009
_2MESH
686 _aN01.400.500
_v2009
_2MESH
686 _aI01.240.425
_v2009
_2MESH
686 _aN01.224.425
_v2009
_2MESH
686 _aN06.850.505.400.425
_v2009
_2MESH
686 _aР128.94-3я431(2)
686 _aР124.4я431(2)
686 _aЮ948.1-8я431
686 _aЧ313.54я431
702 1 _4340
_aКонопак
_bИ. А.
_cканд. филос. наук
_gИгорь Александрович
_9153442
_3RU\NLR\AUTH\770153480
712 0 2 _4570
_aИркутский государственный университет
_3RU\NLR\AUTH\889924364
_9344597
801 0 _aRU
_bЦНМБ
_c20091204
_gPSBO
801 1 _aRU
_bЦНМБ
_c20091204
801 2 _aRU
_bЦНМБ
_c20100202
801 2 _aRU
_bNLR
_c20100125
_grcr
942 _cBOOK
980 _aNB
980 _aNBR